Acronymes - 4 lettres - V-Z - Statistiques

Statistiques générales
  • Ce quiz a été pris 25 fois
  • Le résultat moyen est 5 sur 22
Statistiques - réponses
Hint Réponse % Correct
YOLO You
96%
Live
71%
Once
67%
Only
67%
WIFI WIreless
50%
YMCA Young
33%
Local
13%
VLAN Virtual
13%
Association
8%
Christian
8%
FIdelity
8%
Men's
8%
Network
8%
Area
4%
Protocol
4%
XSLT eXtended
0%
XMPP eXtensible
0%
Laguage
0%
Messaging
0%
Presence
0%
Stylesheet
0%
Transformation
0%
Aucun quiz correspondant
Distribution des résultats
% des personnes avec chaque résultat
Percentile par nombre de réponses
Votre historique - résultats
Vous n’avez pas pris ce quiz